| Tag |
First Indicator |
Second Indicator |
Subfields |
| LEADER |
00000cam a22000001 4500 |
| 001 |
in00000066163 |
| 005 |
20151008051251.0 |
| 008 |
731212s1966 ctu b 00010 eng |
| 010 |
|
|
|a 66021528
|
| 035 |
|
|
|a (OCoLC)00228881
|
| 035 |
|
|
|9 AAG6865AM
|
| 040 |
|
|
|a DLC
|c DLC
|d TXA
|d UtOrBLW
|
| 049 |
|
|
|a TXAM
|c [462007]
|
| 050 |
0 |
0 |
|a HC497.S5
|b N3
|
| 082 |
0 |
|
|a 338.91
|
| 092 |
|
|
|a 338.91
|b N158i
|
| 100 |
1 |
|
|a Nairn, Ronald C.
|
| 245 |
1 |
0 |
|a International aid to Thailand :
|b the new colonialism? /
|c [by] Ronald C. Nairn.
|
| 264 |
|
1 |
|a New Haven :
|b Yale University Press,
|c 1966.
|
| 300 |
|
|
|a vi, 228 pages :
|b frontispiece ;
|c 22 cm.
|
| 336 |
|
|
|a text
|b txt
|2 rdacontent
|
| 337 |
|
|
|a unmediated
|b n
|2 rdamedia
|
| 338 |
|
|
|a volume
|b nc
|2 rdacarrier
|
| 490 |
0 |
|
|a Yale studies in political science, 19
|
| 504 |
|
|
|a Bibliography: pages [209]-223.
|
| 650 |
|
0 |
|a Economic assistance
|z Thailand.
|
| 999 |
|
|
|a MARS
|
| 999 |
f |
f |
|s 5e5c6077-293b-3771-b79c-3ae47dc56bd4
|i f212a392-aad9-3b49-a261-14fbcb35c238
|t 0
|
| 952 |
f |
f |
|p ric
|a Texas A&M University
|b Rellis Campus
|c Joint Library Facility
|d Remote Storage
|t 0
|e HC497.S5 N3
|h Library of Congress classification
|i unmediated -- volume
|m A14800773147
|
| 998 |
f |
f |
|a HC497.S5 N3
|t 0
|l Remote Storage
|